| 000 | 00658nam a22001457a 4500 | ||
|---|---|---|---|
| 020 | _a1-870205-01-4 | ||
| 082 |
_a200 _bSUM/M |
||
| 100 | _aSUMEDHO, AJAHN | ||
| 245 | _aMINDFULNESS: THE PATH TO THE DEATHLESS | ||
| 260 |
_aLONDON _bAMARAVATI PUBLICATIONS _c1987 |
||
| 300 | _a72 | ||
| 520 | _aThe aim of this book is to provide a clear instruction in and reflection on Buddhist meditation as taught by Ajahn Sumedho, a bhikkhu (monk) of the Theravadin tradition. The following chapters are ed- ited from longer talks Ajahn Sumedho has given to meditators as a practical approach to the wisdom of Buddhism. | ||
| 650 |
_aRELIGIOUS _zUNITED KINGDOM |
||
| 942 | _cBK | ||
| 999 |
_c5141 _d5141 |
||